OECD Reviews of Health Systems:Colombia 2016

Ebook from OECD

Guardat en:
Dades bibliogràfiques
Altres autors: OECD
Format: Llibre
Idioma:Undetermined
Publicat: OECD 2015
Matèries:
Accés en línia:http://lrc.tdmu.edu.vn/opac/search/detail.asp?aID=2&ID=40270
Etiquetes: Afegir etiqueta
Sense etiquetes, Sigues el primer a etiquetar aquest registre!
Thư viện lưu trữ: Trung tâm Học liệu Trường Đại học Thủ Dầu Một
LEADER 00608nam a2200181Ia 4500
001 TDMU_40270
008 210410s9999 xx 000 0 und d
082 |a 307.72 
245 0 |a OECD Reviews of Health Systems:Colombia 2016 
245 0 |c OECD 
260 |b OECD 
260 |c 2015 
300 |a 128tr 
520 |a Ebook from OECD 
650 |a Health System  |z Colombia; Health System  |x OECD Reviews  |z Colombia; Hệ thống y tế  |z Colombia 
700 |a OECD 
856 |u http://lrc.tdmu.edu.vn/opac/search/detail.asp?aID=2&ID=40270 
980 |a Trung tâm Học liệu Trường Đại học Thủ Dầu Một